How to managing individual performance : a systematic seven step approach to enhancing employee performance and results (Record no. 190301)

MARC details
000 -LEADER
fixed length control field 00556nam a2200157Ia 4500
005 - DATE AND TIME OF LATEST TRANSACTION
control field 20250224105156.0
008 - FIXED-LENGTH DATA ELEMENTS--GENERAL INFORMATION
fixed length control field 231217s9999 xx 000 0 und d
020 ## - INTERNATIONAL STANDARD BOOK NUMBER
International Standard Book Number 9788172249328
082 ## - DEWEY DECIMAL CLASSIFICATION NUMBER
Classification number 658.3 BAL;2 R1
100 ## - MAIN ENTRY--PERSONAL NAME
Personal name Baldwin, Kieran.
245 #0 - TITLE STATEMENT
Title How to managing individual performance : a systematic seven step approach to enhancing employee performance and results
260 ## - PUBLICATION, DISTRIBUTION, ETC. (IMPRINT)
Date of publication, distribution, etc. 2003
Name of publisher, distributor, etc. Jaico Publishing House,
Place of publication, distribution, etc. Mumbai
300 ## - PHYSICAL DESCRIPTION
Extent 157
650 ## - SUBJECT ADDED ENTRY--TOPICAL TERM
Topical term or geographic name as entry element individual,performance,systematic,seven,step,enhancing,employee,performance
942 ## - ADDED ENTRY ELEMENTS (KOHA)
Koha item type Books
Holdings
Date last seen Total Checkouts Full call number Accession number Old discount Cost, replacement price Price effective from Category Public note Lost status Damaged status Department Withdrawn status bill no. bill date Permanent Location Current Location Shelving location Entry date Vendor Cost, normal purchase price Grants Currency symbol Conversion rate Discount Discount type
26/01/2024   658.3 BAL;2 R1 71292   38.00 26/01/2024 Books 71292     Central Library   1993 28/01/2015 Central Library Central Library Central Library 30/11/2010 ICFAI Press 38.00 MBA RS 1   Rupees
26/01/2024   658.3 BAL;3 71550   38.00 26/01/2024 Books 71550     Central Library   1993 24/02/2015 Central Library Central Library Central Library 16/12/2010 ICFAI Press 38.00 MBA RS 1   Rupees
26/01/2024   658.3 BAL;4 71551   38.00 26/01/2024 Books 71551     Central Library   1993 24/02/2015 Central Library Central Library Central Library 16/12/2010 ICFAI Press 38.00 MBA RS 1   Rupees

© For any Suggestions or Query, please contact the library staff @ librarian@pes.edu or Phone: +9180 2672 1983/ 2108.